| 000 | 02304cam a22003494a 4500 | ||
|---|---|---|---|
| 999 |
_c4728 _d4728 |
||
| 001 | 13389049 | ||
| 003 | OSt | ||
| 005 | 20210405144300.0 | ||
| 008 | 031030s2004 enk b 001 0 eng | ||
| 010 | _a 2003064876 | ||
| 015 |
_aGBA4Z1257 _2bnb |
||
| 016 | 7 |
_a101221442 _2DNLM |
|
| 016 | 7 |
_a010980423 _2Uk |
|
| 020 | _a0415305640 | ||
| 035 | _a(OCoLC)ocm53476735 | ||
| 040 |
_aDLC _cDLC _dYDX _dNLM _dPMC _dBAKER _dUKM _dDLC |
||
| 042 | _apcc | ||
| 082 | _aW20.5 N42f 2004 | ||
| 100 |
_aEdited by Frances, Rapport. _913018 |
||
| 245 | 0 | 0 | _aNew Qualitative Methodologies in Health and Social Care Research |
| 260 |
_aLondon ; _bRoutledge, _c2004. |
||
| 300 |
_axix, 185 p. ; _c25 cm. |
||
| 504 | _aIncludes bibliographical references and index. | ||
| 505 | 0 | _aIntroduction : Shifting sands in qualitative methodology / Frances Rapport -- Discourse analysis : addressing the communication strategies of healthcare professionals / Lesley Griffiths and Glyn Elwyn -- The turn to a narrative knowing of persons : minimalist passive interviewing technique and team analysis of narrative qualitative data / Kip Jones -- Hermeneutics and nursing research / Hugh Chadderton -- Descriptive phenomenology : life-world as evidence / Les Todres and Immy Holloway -- From the porter's point of view : participant observation by the interpretive anthropologist in the hospital / Nigel Rapport -- Imagework method and potential applications in health, social sciences and social care research : journeying with a question / Iain Edgar -- Postmodern literary poetics of experience : a new form of aesthetic enquiry / Francis C. Biley -- Historiography, illness and the interpretation of fiction / Christopher Maggs -- Methodology and practical application of the Social Action Research model / Jennie Fleming and Dave Ward. | |
| 650 | 0 |
_aMedical research _910182 |
|
| 650 | 0 |
_aMedical services _910183 |
|
| 856 | 4 | 1 |
_3Table of contents only _uhttp://www.loc.gov/catdir/toc/fy0609/2003064876.html |
| 856 | 4 | 2 |
_3Publisher description _uhttp://www.loc.gov/catdir/enhancements/fy0650/2003064876-d.html |
| 906 |
_a7 _bcbc _corignew _d1 _eocip _f20 _gy-gencatlg |
||
| 942 |
_2z _cO_SHELF |
||